LEADER 01108nam0-2200361---450- 001 990009532130403321 005 20130322091621.0 010 $a88-464-7742-1 035 $a000953213 035 $aFED01000953213 035 $a(Aleph)000953213FED01 035 $a000953213 100 $a20120222d2007----km-y0itay50------ba 101 0 $aita 102 $aIT 105 $aa---a---001yy 200 1 $aArchitettura e vivibilità$emodelli di verifica, principi di biocompatibilità, esempi di opere per il rispetto ambientale$fDora Francese 210 $aMilano$cFranco Angeli$d2007 215 $a247 p.$cill.$d23 cm 225 1 $aEdilizia/Strumenti$v10 300 $aIn appendice: La matrice per l'uso del modello VAdE 610 0 $aProgettazione architettonica e ambiente 676 $a720.47 700 1$aFrancese,$bDora$010992 801 0$aIT$bUNINA$gRICA$2UNIMARC 901 $aBK 912 $a990009532130403321 952 $a230089$bXXX$fDCATA 952 $aURB.LE B 2741$bs.i.$fFARBC 959 $aDCATA 959 $aFARBC 996 $aArchitettura e vivibilità$9855520 997 $aUNINA LEADER 00843nam0 2200277 450 001 9910915300503321 005 20241213161253.0 100 $a20241213d2024----km y0itay50 ba 101 $aeng 102 $aUS 105 $aa 001yy 200 1 $aStructural Dynamics in Engineering Design$fMaia Nuno,$gDario Di Maio,$gAlex Carrella 210 $aUS$cWiley$dc2024 215 $aXX, 560p.$cill.$d37 cm 610 0 $aDinamica strutturale nella progettazione ingegneristica 676 $a624.177$v22$zita 700 1$aNuno,$bMaia$01779856 701 1$aDi Maio,$bDario$01077026 702 1$aCarrella,$bAlex 801 0$aIT$bUNINA$gREICAT$2UNIMARC 901 $aBK 912 $a9910915300503321 952 $a624.177-NUN-1$b140/2024$fSC1 959 $aSC1 996 $aStructural Dynamics in Engineering Design$94303437 997 $aUNINA